<?xml version="1.0" encoding="UTF-8"?>
<record
    xmlns:xsi="http://www.w3.org/2001/XMLSchema-instance"
    xsi:schemaLocation="http://www.loc.gov/MARC21/slim http://www.loc.gov/standards/marcxml/schema/MARC21slim.xsd"
    xmlns="http://www.loc.gov/MARC21/slim">

  <leader>05207nam a2200409 a 4500</leader>
  <controlfield tag="003">CHAP</controlfield>
  <controlfield tag="005">20250506110944.0</controlfield>
  <controlfield tag="007">ta</controlfield>
  <controlfield tag="008">230712s2022    mx ado|fom||| 001 0 spa d</controlfield>
  <datafield tag="040" ind1=" " ind2=" ">
    <subfield code="e">rda</subfield>
  </datafield>
  <datafield tag="100" ind1="1" ind2=" ">
    <subfield code="9">135886</subfield>
    <subfield code="a">Aguilera Blanco, Laura Yesenia</subfield>
  </datafield>
  <datafield tag="240" ind1="1" ind2="0">
    <subfield code="a">Characterization of tangible and intangible attributes and valuation of the raicilla from Jalisco.</subfield>
    <subfield code="l">Espa&#xF1;ol</subfield>
  </datafield>
  <datafield tag="245" ind1="1" ind2="0">
    <subfield code="a">Caracterizaci&#xF3;n de atributos tangibles e intangibles y valoraci&#xF3;n de la raicilla de Jalisco / </subfield>
    <subfield code="c">Laura Yesenia Aguilera Blanco </subfield>
  </datafield>
  <datafield tag="264" ind1=" " ind2=" ">
    <subfield code="a">Chapingo, M&#xE9;xico :</subfield>
    <subfield code="b">El autor,</subfield>
    <subfield code="c">2022</subfield>
  </datafield>
  <datafield tag="300" ind1=" " ind2=" ">
    <subfield code="a">1 recurso en l&#xED;nea (xiii, 111 p&#xE1;ginas) : </subfield>
    <subfield code="b">ilustraciones, gr&#xE1;ficas, tablas, fotos</subfield>
  </datafield>
  <datafield tag="336" ind1=" " ind2=" ">
    <subfield code="2">rdacontent</subfield>
    <subfield code="a">texto</subfield>
    <subfield code="b">txt</subfield>
  </datafield>
  <datafield tag="337" ind1=" " ind2=" ">
    <subfield code="2">rdamedia</subfield>
    <subfield code="a">computadora</subfield>
    <subfield code="b">c</subfield>
  </datafield>
  <datafield tag="338" ind1=" " ind2=" ">
    <subfield code="2">rdacarrier</subfield>
    <subfield code="a">recurso en l&#xED;nea</subfield>
    <subfield code="b">cr</subfield>
  </datafield>
  <datafield tag="502" ind1=" " ind2=" ">
    <subfield code="a">Tesis</subfield>
    <subfield code="b">MCTA</subfield>
    <subfield code="c">Agroindustrias</subfield>
    <subfield code="d">2022</subfield>
    <subfield code="g">MAE</subfield>
  </datafield>
  <datafield tag="504" ind1=" " ind2=" ">
    <subfield code="a">Incluye bibliograf&#xED;as</subfield>
  </datafield>
  <datafield tag="520" ind1="3" ind2=" ">
    <subfield code="a">La raicilla es una bebida alcoh&#xF3;lica regional de Jalisco obtenida de la destilaci&#xF3;n de jugos fermentados, extra&#xED;dos de cabezas maduras de los agaves previamente cocidos y que actualmente posee denominaci&#xF3;n de origen. Los objetivos de esta investigaci&#xF3;n fueron: a) identificar y cuantificar los compuestos vol&#xE1;tiles de la raicilla de cuatro municipios productores de Jalisco (Cabo Corrientes, Chiquilistl&#xE1;n, Mascota y Mixtl&#xE1;n); b) describir sensorialmente la raicilla mediante la t&#xE9;cnica de perfil flash (PF); c) identificar la estructura de los valores humanos en consumidores de raicilla de Jalisco, el tipo de ruta de influencia de los valores sobre el consumo, los significados, d) identificar la conceptualizaci&#xF3;n y e) evaluar la disposici&#xF3;n a pagar mediante experimentos de elecci&#xF3;n discreta. Todas las raicillas cumplieron con las especificaciones del contenido de alcoholes establecidas por la NOM-199-SCFI-2017. El PF mostr&#xF3; una diferenciaci&#xF3;n entre raicillas. Los valores motivacionales m&#xE1;s importantes fueron benevolencia, hedonismo y conformidad. La preferencia de consumo de la raicilla se vio influenciada por atributos intangibles, al predominar la ruta directa (0.283). Los significados que presentaron mayor comunalidad fueron identidad, tradici&#xF3;n, calidad y tipo de raicilla. Los consumidores conceptualizan a la raicilla con las categor&#xED;as de identidad y tipo de raicilla. La DAP un extra por las raicillas estuvo influenciada por especificaciones y/o caracter&#xED;sticas del proceso de elaboraci&#xF3;n, envase y etiquetado. El experimento de elecci&#xF3;n discreta las variables que influyen en la DAP un extra por una raicilla son de la regi&#xF3;n de la sierra y costa y de un proceso artesanal. En cambio, se tuvo una disminuci&#xF3;n a pagar por una raicilla cl&#xE1;sica y el precio.</subfield>
  </datafield>
  <datafield tag="520" ind1="3" ind2=" ">
    <subfield code="a">The raicilla is a regional alcoholic beverage from Jalisco obtained from the distillation of fermented juices extracted from previously cooked ripe agave heads, and currently has a denomination of origin. The objectives of this research were: a) to identify and quantify the volatile compounds of raicilla from four raicilla-producing municipalities of Jalisco (Cabo Corrientes, Chiquilistl&#xE1;n, Mascota, and Mixtl&#xE1;n); b) to describe raicilla sensorially by means of the flash profile (FP) technique; c) identify the structure of human values in consumers of raicilla from Jalisco, the type of route of influence of values on consumption, meanings, d) identify the conceptualization, and e) evaluate the willingness to pay by means of discrete choice experiments. All raicilla complied with the specifications of alcohol content established by NOM-199-SCFI-2017. The FP showed differentiation among culm. The most important motivational values were benevolence, hedonism, and conformity. The preference for raicilla consumption was influenced by intangible attributes, as the direct route predominated (0.283). The meanings that presented the greatest commonality were identity, tradition, quality, and type of raicilla. Consumers conceptualize raicilla with the categories of identity and type of raicilla. The WTP an extra for raicilla was influenced by specifications and/or characteristics of the production process, packaging, and labeling. In the discrete choice experiment, the variables influencing the WTP one extra for a raicilla were the region of the highlands and coast and an artisanal process. On the other hand, there was a decrease to pay for a classic raicilla and the price.</subfield>
  </datafield>
  <datafield tag="650" ind1="1" ind2="3">
    <subfield code="9">1069</subfield>
    <subfield code="a">Agave</subfield>
    <subfield code="x">Bebidas alcoholicas</subfield>
    <subfield code="z">M&#xE9;xico</subfield>
    <subfield code="z">Jalisco</subfield>
  </datafield>
  <datafield tag="650" ind1="1" ind2="3">
    <subfield code="9">1069</subfield>
    <subfield code="a">Agave</subfield>
    <subfield code="x">Alcoholes et&#xED;licos</subfield>
  </datafield>
  <datafield tag="650" ind1="1" ind2="3">
    <subfield code="9">148013</subfield>
    <subfield code="a">Alcoholes et&#xED;licos  </subfield>
    <subfield code="x">Calidad del producto</subfield>
  </datafield>
  <datafield tag="650" ind1="1" ind2="3">
    <subfield code="9">187588</subfield>
    <subfield code="a">Compuestos vol&#xE1;tiles</subfield>
  </datafield>
  <datafield tag="650" ind1="1" ind2="3">
    <subfield code="9">147007</subfield>
    <subfield code="a">Evaluaci&#xF3;n sensorial de los alimentos  </subfield>
  </datafield>
  <datafield tag="650" ind1="1" ind2="3">
    <subfield code="9">1069</subfield>
    <subfield code="a">Agave</subfield>
    <subfield code="x">Distilled spirits</subfield>
  </datafield>
  <datafield tag="650" ind1="1" ind2="3">
    <subfield code="9">148015</subfield>
    <subfield code="a">Distilled spirits</subfield>
    <subfield code="x">Product quality</subfield>
  </datafield>
  <datafield tag="650" ind1="1" ind2="3">
    <subfield code="9">187589</subfield>
    <subfield code="a">Volatile compounds</subfield>
  </datafield>
  <datafield tag="650" ind1="1" ind2="3">
    <subfield code="9">147012</subfield>
    <subfield code="a">Sensory evaluation  </subfield>
  </datafield>
  <datafield tag="700" ind1="1" ind2=" ">
    <subfield code="9">147446</subfield>
    <subfield code="a">Espejel Garc&#xED;a, Anastacio</subfield>
    <subfield code="e">director</subfield>
  </datafield>
  <datafield tag="700" ind1="1" ind2=" ">
    <subfield code="9">148849</subfield>
    <subfield code="a">Hern&#xE1;ndez Montes, Arturo</subfield>
    <subfield code="e">asesor</subfield>
  </datafield>
  <datafield tag="700" ind1="1" ind2=" ">
    <subfield code="9">54548</subfield>
    <subfield code="a">Hern&#xE1;ndez Rodr&#xED;guez, Landy</subfield>
    <subfield code="e">asesora</subfield>
  </datafield>
  <datafield tag="856" ind1=" " ind2=" ">
    <subfield code="u">http://10.13.5.2/tesis/tm/2022-AGUILERA_BLANCO_LAURA_YESENIA.pdf</subfield>
    <subfield code="z">DESCARGAR PDF</subfield>
  </datafield>
  <datafield tag="942" ind1=" " ind2=" ">
    <subfield code="c">TD</subfield>
  </datafield>
  <datafield tag="999" ind1=" " ind2=" ">
    <subfield code="c">219036</subfield>
    <subfield code="d">219036</subfield>
  </datafield>
  <datafield tag="952" ind1=" " ind2=" ">
    <subfield code="0">0</subfield>
    <subfield code="1">0</subfield>
    <subfield code="2">local</subfield>
    <subfield code="4">0</subfield>
    <subfield code="7">0</subfield>
    <subfield code="8">TesDigM</subfield>
    <subfield code="a">IA_</subfield>
    <subfield code="b">IA_</subfield>
    <subfield code="c">E_L</subfield>
    <subfield code="d">2023-07-12</subfield>
    <subfield code="e">El autor</subfield>
    <subfield code="l">0</subfield>
    <subfield code="p">1201013733</subfield>
    <subfield code="r">2023-07-12 00:00:00</subfield>
    <subfield code="w">2023-07-12</subfield>
    <subfield code="y">TD</subfield>
  </datafield>
  <datafield tag="952" ind1=" " ind2=" ">
    <subfield code="0">0</subfield>
    <subfield code="1">0</subfield>
    <subfield code="2">local</subfield>
    <subfield code="4">0</subfield>
    <subfield code="5">1</subfield>
    <subfield code="7">0</subfield>
    <subfield code="8">TesDigM</subfield>
    <subfield code="a">BD</subfield>
    <subfield code="b">BC</subfield>
    <subfield code="c">E_L</subfield>
    <subfield code="d">2025-02-27</subfield>
    <subfield code="l">0</subfield>
    <subfield code="o">Tesis digital</subfield>
    <subfield code="r">2025-02-27 08:50:16</subfield>
    <subfield code="w">2025-02-27</subfield>
    <subfield code="y">TD</subfield>
  </datafield>
</record>
